000
00215nam a22000857a 4500
008
161208b xxu||||| |||| 00| 0 eng d
100
_9
1948
_a
Mehta.N.
245
_a
sizzlers Vegetaria Cook
260
_a
New Delhi
_b
Snas
_c
2011
999
_c
4742
_d
4742